000 01231nam a22002777a 4500
005 20101206113148.0
008 101206t xxu||||| |||| 00| 0 hin d
010 _aHIN-93200
020 _c300.00
_a9788188457779
035 _aHN-65546
037 _bDBAD/PUB
040 _aDPL
_bHN
082 _a361.763
100 _924598
_aआवटे, गोपाल नारायण
245 _aएन.जी.ओः
_cगोपाल नारायण आवटे
_bकार्यप्रणाली, सिद्धांत और व्यवहार /
246 _aKaryapranali,Siddhant aur Vyavhar
_bby Gopal Narayan Aawte
260 _aनई दिल्ली
_bकल्याणी शिक्षा परिषद
_c2011
270 _bनई दिल्ली
_a3320-21, जटवाड़ा, दरियागंज,
_e110002
300 _a192पृ.
_c22सेमी (सजिल्द)
650 _91169
650 _929580
700 _924599
700 _924924
942 _2ddc
_cHN
_mआवटे
_h361.763
999 _c53914
_d53914